Statistiche per Elenca la formazione - Quiz n°312

Clicka qui per fare il quiz!

Statistiche generali

  • Questo quiz è stato fatto 3 volte
  • Il punteggio medio è 4 su 11

Statistiche sulle risposte

RuoloClub dell'epocaCalciatore% Corretto
AttaccanteReal MadridRaúl
100%
DifensoreReal MadridMíchel Salgado
67%
PortiereValenciaSantiago Cañizares
67%
DifensoreReal SociedadAgustín Aranzabal
33%
CentrocampistaValenciaGaizka Mendieta
33%
CentrocampistaRacing SantanderPedro Munitis
33%
CentrocampistaBarcellonaPep Guardiola
33%
DifensoreBarcellonaAberaldo
0%
AttaccanteReal Betis SivigliaAlfonso
0%
CentrocampistaReal MadridIván Helguera
0%
DifensoreReal ZaragozaPaco Jémez
0%

Distribuzione punteggi

Percentile per numero di risposta

Percentuale di utenti per punteggio

I tuoi punteggi nel tempo

Non hai fatto questo quiz